000
00311 a2200145 4500
001
168964
020
_a
040
_c
Magnum
100
_a
Marcellino, Nelson Carvalho Et Al.
240
1
0
_a
Pedagogia da animacao
_l
por
245
1
0
_a
Pedagogia da animacao
362
0
_a
1899
697
_a
GERAL
942
_c
BK
999
_c
168964
_d
168964